Catálogo
 En Linea

Biblioteca Hispano-americana : 1493-1810. (Registro nro. 33316)

Detalles MARC
000 -CABECERA
campo de control de longitud fija 00262nam a2200097 a 4500
005 - FECHA Y HORA DE LA ÚLTIMA TRANSACCIÓN
campo de control 20200930070541.0
008 - DATOS DE LONGITUD FIJA--INFORMACIÓN GENERAL
campo de control de longitud fija 110913s1902 000 spa d
040 ## - FUENTE DE LA CATALOGACIÓN
Centro catalogador/agencia de origen DO-SdBNP
245 #0 - MENCIÓN DE TÍTULO
Título Biblioteca Hispano-americana : 1493-1810.
260 ## - PUBLICACIÓN, DISTRIBUCIÓN, ETC.
Lugar de publicación, distribución, etc. Santiago de Chile,
Fecha de publicación, distribución, etc. 1902.

No hay ítems disponibles.

Con tecnología Koha